CROSS-NATIONAL ENCOUNTERS IN ADULT EDUCATION (Record no. 25718)

MARC details
000 -LEADER
fixed length control field 00388nam a22001577a 4500
003 - CONTROL NUMBER IDENTIFIER
control field OSt
005 - DATE AND TIME OF LATEST TRANSACTION
control field 20220103095903.0
008 - FIXED-LENGTH DATA ELEMENTS--GENERAL INFORMATION
fixed length control field 220103b |||||||| |||| 00| 0 eng d
040 ## - CATALOGING SOURCE
Transcribing agency HU
082 ## - DEWEY DECIMAL CLASSIFICATION NUMBER
Classification number 209/CRO
100 ## - MAIN ENTRY--PERSONAL NAME
Personal name Dr BERND SANDHAAS
9 (RLIN) 23183
245 ## - TITLE STATEMENT
Title CROSS-NATIONAL ENCOUNTERS IN ADULT EDUCATION
260 ## - PUBLICATION, DISTRIBUTION, ETC.
Place of publication, distribution, etc. ADDIS ABABA
Name of publisher, distributor, etc. HALL
Date of publication, distribution, etc. 2009
300 ## - PHYSICAL DESCRIPTION
Extent 249
942 ## - ADDED ENTRY ELEMENTS (KOHA)
Source of classification or shelving scheme Dewey Decimal Classification
Koha item type Books like text book referance book
Suppress in OPAC No
Holdings
Withdrawn status Lost status Source of classification or shelving scheme Damaged status Not for loan Home library Current library Shelving location Date acquired Total Checkouts Full call number Barcode Date last seen Copy number Price effective from Koha item type
    Dewey Decimal Classification     Social Library Social Library General Stacks 01/03/2022   209/CRO SHLIB 00012810 01/03/2022 C1 01/03/2022 Books like text book referance book